MARC

LEADER 00000nam0a2200000 4500
001 42214
005 20231031015149.0
010 |a 5060038602 
035 |a (RuTPU)RU\TPU\book\43464 
090 |a 42214 
100 |a 20020827d2001 m y0rusy50 ca 
101 0 |a rus 
102 |a RU 
105 |a a j 001zy 
200 1 |a Моделирование систем  |e учебник для вузов  |f Б. Я. Советов, С. А. Яковлев 
205 |a 3-е изд., перераб. и доп. 
210 |a Москва  |c Высшая школа  |d 2001 
215 |a 343 с.  |c ил. 
320 |a Библиогр.: с. 340-341. 
451 1 |0 (RuTPU)RU\TPU\book\139714  |y 978-5-06-003860-6  |t Моделирование систем  |o учебник  |f Б. Я. Советов, С. А. Яковлев  |e 5-е изд., стер.  |c М.  |n Высшая школа  |d 2007  |p 343 с.  |a Советов, Борис Яковлевич 
451 1 |0 (RuTPU)RU\TPU\book\8306  |y 506002654-X  |t Моделирование систем  |o учебник  |f Б. Я. Советов, С. А. Яковлев  |e 2-е изд., перераб. и доп.  |c М.  |n Высшая школа  |d 1998  |p 319 с.  |a Советов, Борис Яковлевич 
610 1 |a сложные системы 
610 1 |a моделирование 
610 1 |a схемы 
610 1 |a вычислительные машины 
610 1 |a формализация 
610 1 |a алгоритмизация 
610 1 |a статистическое моделирование 
610 1 |a компьютерное моделирование 
610 1 |a автоматизированные системы 
610 1 |a учебники 
675 |a 519.876(075.8)  |v 3 
675 |a 681.51.015.26(075.8)  |v 3 
700 1 |a Советов  |b Б. Я.  |g Борис Яковлевич 
701 1 |a Яковлев  |b С. А.  |g Сергей Алексеевич 
801 1 |a RU  |b 63413507  |c 20020827  |g PSBO 
801 2 |a RU  |b 63413507  |c 20160908  |g PSBO 
900 |a Информатика 
942 |c BK 
952 |a 552800  |b 220000